Θέματα μουσικής και μουσικής παιδαγωγικής

Αποθηκεύτηκε σε:
Λεπτομέρειες βιβλιογραφικής εγγραφής
Κύριος συγγραφέας: Σέργη, Λένια
Μορφή: Βιβλίο
Γλώσσα:Greek
Δημοσίευση: Αθήνα : Gutenberg, 1994.
Σειρά:Παιδαγωγική σειρά
Θέματα:
Ετικέτες: Προσθήκη ετικέτας
Δεν υπάρχουν, Καταχωρήστε ετικέτα πρώτοι!

MARC

LEADER 00000cam a2200000 i 4500
001 1/40090
008 030910s1994 gr | ||| |||| ||gre||
020 |a 9600105197 
035 |l 10070743 
040 |a GR-MY-UA  |b gre  |e aacr 
041 0 |a gre 
082 7 |a 372.87   |2 (22) 
100 1 |a Σέργη, Λένια. 
245 1 0 |a Θέματα μουσικής και μουσικής παιδαγωγικής /   |c Λένια Σέργη.  
260 |a Αθήνα :   |b Gutenberg,   |c 1994.  
300 |a 110 σ. :   |b εικ. ;   |c 24 εκ.  
490 1 |a (Παιδαγωγική σειρά)  
504 |a Περιέχει βιβλιογραφία.  
650 0 0 |a Music  |x Instruction and study  |x Juvenile. 
650 0 0 |a School music  |x Instruction and study. 
650 0 0 |a Education, Preschool  |x Activity programs. 
650 0 0 |a Education, Elementary  |x Activity programs. 
650 0 0 |a Music in education. 
830 0 |a Παιδαγωγική σειρά 
852 |a INST  |b SAMOS  |e 20030910  |h 372.87 ΣΕΡ  |p 005300023920  |q 005300023920  |t BK  |y 0 
901 |a BIBL3-2003-3 
909 |a Σ  |b 087992 
970 |a ΧΑΤΖΗΠΑΝΑΓΙΩΤΟΥ  |b ΚΥΡΙΑΚΗ  |z 2003/09/10